What Movie? Back to the Camera XX Quiz Stats

Quiz Updated Feb 18, 2018

Challenge
Share
Tweet
Score 0/25 Timer 08:00
3 Plays Today
% Correct
I, Robot
87.5%
The Hobbit: An Unexpected Journey
79.9%
Wedding Crashers
75.9%
The Blues Brothers
74.4%
Blade
66.9%
How the Grinch Stole Christmas
66.1%
Full Metal Jacket
63.7%
Austin Powers in Goldmember
59.6%
28 Days Later
58.1%
Point Break
53.3%
Moneyball
51.3%
Pineapple Express
47.1%
Logan
41.1%
% Correct
The Godfather Part II
40.7%
The Girl Next Door
37.8%
The Aviator
36.2%
Kingpin
34.3%
Maleficent
27.2%
The Running Man
24.9%
Oldboy
23%
Goodfellas
22.9%
The Holiday
22.5%
Empire of the Sun
20.6%
Hell or High Water
19.7%
Modern Times
19.1%

You're not logged in!

Compare scores with friends on all Sporcle quizzes.
Sign Up with Email
OR
Log In

You Might Also Like...

Show Comments

Extras

Top Quizzes Today


Score Distribution

Your Account Isn't Verified!

In order to create a playlist on Sporcle, you need to verify the email address you used during registration. Go to your Sporcle Settings to finish the process.

Report this User

Report this user for behavior that violates our Community Guidelines.

Details: